English Cities Chain - Statistics

General Stats
  • This quiz has been taken 100 times
  • The average score is 16 of 20
Answer Stats
Hint Town/City % Correct
Hometown of The Beatles Liverpool
100%
Capital city of England London
100%
City famous for its football clubs and industry Manchester
98%
Where Robin Hood battled a sheriff Nottingham
98%
Town famous for its white cliffs Dover
97%
Town that shares its name with a contact sport Rugby
95%
Yorkshire's largest city Leeds
94%
Walled city famous for its Minster York
94%
_________ Mean Time Greenwich
91%
Birthplace of William Shakespeare Stratford-upon-Avon
90%
Kingston-upon-_______ Hull
85%
Town in Berkshire famous for its annual music festival Reading
82%
City and county town of Devon Exeter
72%
City known for its mustard production Norwich
64%
Small town in Staffordshire known for its university Keele
59%
Town in North Yorkshire famous for its cream tea and Turkish baths Harrogate
57%
City in Cambridgeshire where Oliver Cromwell resided Ely
56%
Picturesque cathedral city in Staffordshire Lichfield
46%
Well known coal mining town in South Yorkshire Rotherham
40%
Town famous for its glove-making industry Yeovil
38%
No matching quizzes found
Score Distribution
Percent of People with Each Score
Percentile by Number Answered
Your Score History
You have not taken this quiz